000 00773nam a2200241 i 4500
001 103580
003 ES-MaACL
005 20231025172416.0
007 t|
008 060418s1985 sp ||||1| spa d
020 _a84-320-5843-2
080 _a946.711 B."1931/39"(093.32)
100 0 _aTarín-Iglesias, Manuel.
_9109294
245 1 4 _aLos años rojos /
_cManuel Tarín-Iglesias.
250 _a1ª ed.
260 _aBarcelona :
_bPlaneta,
_c1985.
300 _a251 p. :
_bil. ;
_c23 cm.
490 1 _aEspejo de España. Serie Biografías y memorias
651 4 _aBarcelona-
_xHistoria-
_y1931-1939-
_vRelatos personales.
_97864
830 0 _aEspejo de España. Biografías y memorias
_9180516
852 _aES-MaACL
_jC-56911
_bR.131015
999 _c103580
_d103580